00724nam a2200181Ia 4500008004100000020001800041041000800059082001800067100002700085245009900112260003200211300000800243365001600251700002700267906005500294999001900349952017400368230718s9999 xx 000 0 und d a9781847941169 aeng a338.9713bROB aRobertson D.C.9195483 aBrick By BrickbHow LEGO Rewrote The Rules Of Innovation And Conquered The Global Toy Industry c2013bRandom House Business a305 cRs.b699.00 aRobertson D.C.9195483 dO:0366822-Jan-2014B:477019-Dec-2013cGENRLb153.78 c334883d334883 00104070aCCEPbCCEPd2014-01-23eTechnical Book ServicesfGENRLg545.22i4770l0o338.9713pCCEP-BK-46090r2023-07-18 00:00:00t153.78v699.00w2013-12-19yBKz046090